[Event "Dutch League 2023-24"]
[Site "Netherlands NED"]
[Date "2023.09.16"]
[Round "1.2"]
[White "Bosch, Jeroen"]
[Black "L'Ami, Erwin"]
[Result "1/2-1/2"]
[WhiteTitle "IM"]
[BlackTitle "GM"]
[WhiteElo "2404"]
[BlackElo "2634"]
[WhiteTeam "HMC Den Bosch"]
[BlackTeam "AMEVO Apeldoorn"]
[WhiteFideId "1001280"]
[BlackFideId "1007998"]
[EventDate "2023.09.16"]
[EventType "team-tourn"]

1. e4 c5 2. Nf3 d6 3. d4 cxd4 4. Nxd4 Nf6 5. Nc3 a6 6. a3 e6 7. g4 d5 8. exd5
Nxd5 9. Qf3 Be7 10. Nxd5 Qxd5 11. Qxd5 exd5 12. Be2 Nc6 13. Be3 Ne5 14. Nf5 Bxf5
15. gxf5 O-O-O 16. O-O-O Nc4 17. Bd4 Bg5+ 18. Kb1 Nd2+ 19. Ka2 Rhe8 20. Bd3 Nf3
21. Bxg7 f6 22. h4 Bxh4 23. Rxh4 Nxh4 24. Bxf6 Nf3 25. Bxd8 Rxd8 26. f6 Rf8 27.
Bxh7 d4 28. Be4 Rxf6 29. Bxf3 Rxf3 30. Rd2 Kc7 31. Kb1 Kc6 32. Kc1 Kc5 33. Kd1
Kc4 34. Ke2 Rf6 35. Rd3 Re6+ 36. Kd2 Rf6 37. Ke1 Re6+ 38. Kf1 Rb6 39. b3+ Kd5
40. Ke2 Ke4 41. Rh3 Rf6 42. f3+ Kd5 43. Rh5+ Kd6 44. Rh3 Kd5 45. Kd3 Rf5 46. Rg3
Rf4 47. Rh3 Rf5 48. c3 dxc3 49. Kxc3 Ke5 50. Kd3 Rf7 51. Ke3 Rc7 52. Rh5+ Kd6
53. Rh6+ Kd5 54. Rb6 Re7+ 55. Kd3 Rf7 56. Ke3 Re7+ 57. Kf4 Rf7+ 58. Kg4 Ke5 59.
Kg3 Rg7+ 60. Kf2 Kd4 61. f4 Ke4 62. Rb4+ Kf5 63. Kf3 Rh7 64. Kg3 Rd7 65. Rb6
Rd3+ 66. Kf2 Kxf4 67. Rxb7 Rd2+ 68. Ke1 Ra2 69. Kd1 1/2-1/2

[Event "Dutch League 2023-24"]
[Site "Netherlands NED"]
[Date "2023.09.16"]
[Round "1.3"]
[White "Beerdsen, Thomas"]
[Black "Burg, Twan"]
[Result "1/2-1/2"]
[WhiteTitle "GM"]
[BlackTitle "GM"]
[WhiteElo "2504"]
[BlackElo "2509"]
[WhiteTeam "AMEVO Apeldoorn"]
[BlackTeam "HMC Den Bosch"]
[WhiteFideId "1030108"]
[BlackFideId "1010697"]
[EventDate "2023.09.16"]
[EventType "team-tourn"]

1. e4 e5 2. Nf3 Nf6 3. Nxe5 d6 4. Nf3 Nxe4 5. Nc3 Nxc3 6. dxc3 Be7 7. Be3 O-O 8.
Qd2 Nd7 9. O-O-O Nf6 10. Bd3 c5 11. Rhe1 Be6 12. Bg5 d5 13. Qf4 Re8 14. Re5 Qc7
15. Rde1 Ng4 16. R5e2 Qxf4+ 17. Bxf4 h6 18. Bg6 fxg6 19. Rxe6 Kf7 20. R6e2 g5
21. Bg3 Bf8 1/2-1/2

[Event "Dutch League 2023-24"]
[Site "Netherlands NED"]
[Date "2023.09.16"]
[Round "1.4"]
[White "Van der Stricht, Geert"]
[Black "Pruijssers, Roeland"]
[Result "0-1"]
[WhiteTitle "IM"]
[BlackTitle "GM"]
[WhiteElo "2303"]
[BlackElo "2520"]
[WhiteTeam "HMC Den Bosch"]
[BlackTeam "AMEVO Apeldoorn"]
[WhiteFideId "201324"]
[BlackFideId "1013068"]
[EventDate "2023.09.16"]
[EventType "team-tourn"]

1. d4 d5 2. c4 e6 3. Nf3 Nf6 4. g3 dxc4 5. Bg2 Nc6 6. O-O Rb8 7. e3 Be7 8. Qe2
b5 9. b3 Ba6 10. Rd1 Rb6 11. e4 O-O 12. d5 exd5 13. Be3 Nxe4 14. Ne1 Bf6 15.
Bxe4 Qe7 16. Bxd5 Bxa1 17. Nc2 Bf6 18. Qh5 g6 19. Qh3 Rd8 20. Qf1 Nb4 21. Nxb4
Qxb4 22. Bxb6 axb6 23. Qe2 c3 24. a3 Qf8 25. Qc2 b4 0-1

[Event "Dutch League 2023-24"]
[Site "Netherlands NED"]
[Date "2023.09.16"]
[Round "1.5"]
[White "Van de Oudeweetering, Arthur"]
[Black "Martens, Martin"]
[Result "1/2-1/2"]
[WhiteTitle "IM"]
[BlackTitle "IM"]
[WhiteElo "2253"]
[BlackElo "2313"]
[WhiteTeam "AMEVO Apeldoorn"]
[BlackTeam "HMC Den Bosch"]
[WhiteFideId "1000551"]
[BlackFideId "1000683"]
[EventDate "2023.09.16"]
[EventType "team-tourn"]

1. e4 c6 2. d4 d5 3. Nc3 dxe4 4. Nxe4 Nf6 5. Nxf6+ exf6 6. c3 Bd6 7. Bd3 O-O 8.
Ne2 Re8 9. O-O Nd7 10. Ng3 Nf8 11. f4 Qc7 12. Qf3 c5 13. Be3 Bd7 14. Rae1 cxd4
15. cxd4 Re7 16. f5 Bxg3 17. Qxg3 1/2-1/2

[Event "Dutch League 2023-24"]
[Site "Netherlands NED"]
[Date "2023.09.16"]
[Round "1.6"]
[White "Schoorl, Rob"]
[Black "Warmerdam, Max"]
[Result "1-0"]
[WhiteTitle "FM"]
[BlackTitle "GM"]
[WhiteElo "2341"]
[BlackElo "2633"]
[WhiteTeam "HMC Den Bosch"]
[BlackTeam "AMEVO Apeldoorn"]
[WhiteFideId "1009508"]
[BlackFideId "1048104"]
[EventDate "2023.09.16"]
[EventType "team-tourn"]

1. Nf3 Nf6 2. g3 g6 3. b3 d5 4. Bb2 c5 5. c4 d4 6. b4 Bg7 7. Bg2 Nfd7 8. d3 Nc6
9. b5 Nce5 10. Nbd2 O-O 11. O-O Nxf3+ 12. exf3 e5 13. a4 a5 14. Re1 Ra7 15. Bc1
b6 16. Ne4 Bb7 17. f4 f5 18. Ng5 Bxg2 19. Kxg2 h6 20. Ne6 Qa8+ 21. Qf3 Qxf3+ 22.
Kxf3 Re8 23. Nxg7 Kxg7 24. Ra2 Kf6 25. Rae2 g5 26. Kg2 Raa8 27. fxe5+ Rxe5 28.
f4 Rxe2+ 29. Rxe2 Nf8 30. fxg5+ hxg5 31. h4 gxh4 32. gxh4 Ne6 33. Kf3 Rg8 34.
Re1 Rh8 35. Rh1 Rh5 36. Bf4 Rh7 37. Rh2 Kf7 38. Be5 Kg6 39. Rg2+ Kf7 40. Rh2 Rh5
41. Bb8 Nf8 42. Bc7 Rh6 43. h5 Ke8 44. Bf4 Rh7 45. h6 Ne6 46. Bb8 Kd8 47. Rh5
Kc8 48. Bf4 Kd7 49. Bd2 Nd8 50. Rxf5 Nf7 51. Rf6 Ne5+ 52. Ke4 Re7 53. Kf5 Nxd3
54. Rxb6 Rf7+ 55. Rf6 Re7 56. b6 Kc8 57. Re6 Rd7 58. Kf6 Nf2 59. Re8+ Kb7 60.
Re7 Ng4+ 61. Ke6 1-0

[Event "Dutch League 2023-24"]
[Site "Netherlands NED"]
[Date "2023.09.16"]
[Round "1.7"]
[White "Zwirs, Nico"]
[Black "Mollema, Thomas"]
[Result "1-0"]
[WhiteTitle "IM"]
[BlackTitle "CM"]
[WhiteElo "2480"]
[BlackElo "2227"]
[WhiteTeam "AMEVO Apeldoorn"]
[BlackTeam "HMC Den Bosch"]
[WhiteFideId "1036432"]
[BlackFideId "1034987"]
[EventDate "2023.09.16"]
[EventType "team-tourn"]

1. d4 d5 2. c4 e6 3. Nf3 c5 4. cxd5 exd5 5. g3 Nf6 6. Bg2 Nc6 7. O-O Be7 8. dxc5
Bxc5 9. a3 a5 10. Bg5 Be6 11. Nc3 d4 12. Ne4 Be7 13. Bxf6 Bxf6 14. Qa4 Bd5 15.
Nxf6+ Qxf6 16. b4 O-O 17. b5 Ne5 18. Nxd4 Bxg2 19. Kxg2 Rfd8 20. Rfd1 h5 21. Nf3
Nxf3 22. exf3 Rxd1 23. Rxd1 Rd8 24. Rc1 Qb6 25. Qh4 g6 26. Qe7 Kg7 27. Rc7 Qf6
28. Qe3 b6 29. Rc6 Qf5 30. Qc3+ Kh7 31. Rf6 Rd3 32. Rxf7+ Qxf7 33. Qxd3 Qe7 34.
a4 Qc5 35. h4 Kg7 36. Qe3 Qd6 37. Qe4 Qc5 38. Qe3 Qd6 39. Qc3+ Kh7 40. Qc6 Qd4
41. Qe4 Qc5 42. f4 Qb4 43. Qxb4 axb4 44. a5 b3 45. axb6 b2 46. b7 b1=Q 47. b8=Q
Qe4+ 48. Kh2 Qe2 49. Qa7+ Kg8 50. Qc5 1-0

[Event "Dutch League 2023-24"]
[Site "Netherlands NED"]
[Date "2023.09.16"]
[Round "1.8"]
[White "Victor, Julian"]
[Black "Meurs, Tom"]
[Result "0-1"]
[WhiteTitle "FM"]
[WhiteElo "2304"]
[BlackElo "2249"]
[WhiteTeam "HMC Den Bosch"]
[BlackTeam "AMEVO Apeldoorn"]
[WhiteFideId "257257"]
[BlackFideId "1021176"]
[EventDate "2023.09.16"]
[EventType "team-tourn"]

1. d4 d5 2. c4 c6 3. Nf3 Nf6 4. Qb3 dxc4 5. Qxc4 Bf5 6. g3 e6 7. Bg2 Be7 8. O-O
Nbd7 9. e3 O-O 10. Qe2 c5 11. Rd1 Qc7 12. Nc3 Ne4 13. Ne1 Nxc3 14. bxc3 Bg6 15.
e4 Rfd8 16. Be3 Rac8 17. Nd3 Qa5 18. Rac1 Nb6 19. Nf4 Na4 20. Bd2 Nb2 21. Re1
Qa4 22. h4 e5 23. dxe5 Nc4 24. Nd5 Bf8 25. Bg5 Re8 26. h5 Rxe5 27. f4 Rxd5 28.
exd5 Bf5 29. Be4 Re8 30. Qg2 Bd7 31. Bc2 Qa3 32. Qf2 f6 33. Bh4 Ne3 34. Qd2 c4
35. h6 Qc5 36. Kh1 Bg4 37. Qf2 Qxd5+ 38. Kh2 Bc5 39. hxg7 Bf3 40. Kg1 Nxc2 41.
Rxe8+ Kxg7 42. Rf1 Bxf2+ 43. Rxf2 Qd7 0-1

[Event "Dutch League 2023-24"]
[Site "Netherlands NED"]
[Date "2023.09.16"]
[Round "1.9"]
[White "Lammens, Tim"]
[Black "Dugarov, Alexei"]
[Result "1-0"]
[WhiteTitle "FM"]
[WhiteElo "2238"]
[BlackElo "2180"]
[WhiteTeam "AMEVO Apeldoorn"]
[BlackTeam "HMC Den Bosch"]
[WhiteFideId "1008803"]
[BlackFideId "4185382"]
[EventDate "2023.09.16"]
[EventType "team-tourn"]

1. c4 e6 2. Nf3 c5 3. g3 b6 4. Bg2 Bb7 5. O-O Nc6 6. d4 Nxd4 7. Nxd4 Bxg2 8.
Kxg2 cxd4 9. Qxd4 Rc8 10. Nc3 Qc7 11. Rd1 Nf6 12. Bg5 Bc5 13. Qd3 Ng4 14. Ne4
Qc6 15. f3 h6 16. Bf4 g5 17. Bd2 Ne5 18. Qc3 Ng6 19. Nf6+ Ke7 20. Nh5 e5 21. Qd3
Rhg8 22. h3 Qe6 23. e4 Bd4 24. Qa3+ Bc5 25. Qd3 Bd4 26. Qa3+ Ke8 27. Rac1 Nf4+
28. Bxf4 gxf4 29. g4 Rxc4 30. Nf6+ Qxf6 31. Rxc4 Bc5 32. Rxc5 bxc5 33. Qxc5 Qe7
34. Qxa7 Rg6 35. Qb8+ Qd8 36. Qxe5+ Kf8 37. Qh8+ Rg8 38. Qxh6+ Ke8 39. Qxf4 Qb6
40. Qe5+ Kd8 41. Qd4 Qb5 42. Qd3 Qxb2+ 43. Rd2 Qb7 44. Qd5 Qa7 45. Qxf7 Re8 46.
Qf6+ Re7 47. Rb2 Ke8 48. Rb8+ 1-0

[Event "Dutch League 2023-24"]
[Site "Netherlands NED"]
[Date "2023.09.16"]
[Round "1.10"]
[White "Margarido, Jose Miguel Teixeira"]
[Black "Van Delft, Merijn"]
[Result "0-1"]
[BlackTitle "IM"]
[WhiteElo "2079"]
[BlackElo "2379"]
[WhiteTeam "HMC Den Bosch"]
[BlackTeam "AMEVO Apeldoorn"]
[WhiteFideId "1914227"]
[BlackFideId "1004670"]
[EventDate "2023.09.16"]
[EventType "team-tourn"]

1. e4 c5 2. Nf3 d6 3. d4 cxd4 4. Nxd4 Nf6 5. Nc3 a6 6. Be2 e5 7. Nf3 Be7 8. Bg5
Be6 9. Bxf6 Bxf6 10. Nd5 Nd7 11. O-O O-O 12. c3 Rc8 13. Ne1 Bg5 14. Nc2 Nc5 15.
Bf3 g6 16. a4 Nb3 17. Ra3 Nd2 18. Re1 Bxd5 19. exd5 Qb6 20. b4 a5 21. bxa5 Qxa5
22. Nb4 f5 23. Be2 Ne4 24. Bf1 Qc5 25. Qf3 Bd2 26. Re2 Bxc3 27. Nc2 Ba5 28. Qd3
Bb6 29. Qf3 Nxf2 0-1

[Event "Dutch League 2023-24"]
[Site "Netherlands NED"]
[Date "2023.09.16"]
[Round "1.1"]
[White "Vrolijk, Liam"]
[Black "Swinkels, Robin"]
[Result "1-0"]
[WhiteTitle "GM"]
[BlackTitle "GM"]
[WhiteElo "2556"]
[BlackElo "2510"]
[WhiteTeam "Kennemer Combinatie"]
[BlackTeam "LSG IntelliMagic"]
[WhiteFideId "1048333"]
[BlackFideId "1010824"]
[EventDate "2023.09.16"]
[EventType "team-tourn"]

1. Nf3 d5 2. g3 Nf6 3. Bg2 c5 4. O-O Nc6 5. d4 e6 6. c4 dxc4 7. Qa4 Bd7 8. Qxc4
b5 9. Qd3 c4 10. Qc2 Rc8 11. a4 bxa4 12. Nc3 Na5 13. Rxa4 Be7 14. Ne5 Bxa4 15.
Qxa4+ Kf8 16. Rd1 Qb6 17. d5 Rd8 18. Be3 Qb4 19. Ra1 exd5 20. Qxa5 Qxa5 21. Rxa5
d4 22. Bxd4 Rxd4 23. Rxa7 Rd8 24. e3 h5 25. Bf1 Ng4 26. Nc6 Re8 27. h3 Nh6 28.
Bxc4 Bf6 29. Nb5 Rc8 30. b3 g6 31. Bd5 Kg7 32. e4 Rhf8 33. Nd6 Ra8 34. Rd7 Ra1+
35. Kg2 Re1 36. b4 g5 37. b5 g4 38. hxg4 Nxg4 39. Bxf7 Kh8 40. Bxh5 1-0

[Event "Dutch League 2023-24"]
[Site "Netherlands NED"]
[Date "2023.09.16"]
[Round "1.2"]
[White "Smeets, Jan"]
[Black "Roebers, Eline"]
[Result "1-0"]
[WhiteTitle "GM"]
[BlackTitle "IM"]
[WhiteElo "2539"]
[BlackElo "2367"]
[WhiteTeam "LSG IntelliMagic"]
[BlackTeam "Kennemer Combinatie"]
[WhiteFideId "1007246"]
[BlackFideId "1058401"]
[EventDate "2023.09.16"]
[EventType "team-tourn"]

1. e4 e6 2. d4 d5 3. exd5 exd5 4. Nf3 Nc6 5. Nc3 Nf6 6. Bb5 Bd6 7. Qe2+ Be6 8.
Ng5 Qd7 9. Nxe6 fxe6 10. Be3 a6 11. Ba4 O-O 12. O-O Rae8 13. f4 Rf7 14. g3 g6
15. Kg2 h5 16. Nd1 h4 17. Nf2 Ref8 18. c3 Kg7 19. Bc2 Ne7 20. Nh3 Nf5 21. Bf2
Nh6 22. Rae1 Re7 23. Ng5 Rfe8 24. Qd3 Nf5 25. Qf3 Nh6 26. Qd3 Nf5 27. Qf3 Nh6
28. Re2 c6 29. Rfe1 Nh5 30. Kg1 Nf5 31. Nh3 Nh6 32. Qd3 1-0

[Event "Dutch League 2023-24"]
[Site "Netherlands NED"]
[Date "2023.09.16"]
[Round "1.3"]
[White "Schoppen, Casper"]
[Black "Van der Werf, Mark"]
[Result "1/2-1/2"]
[WhiteTitle "GM"]
[BlackTitle "IM"]
[WhiteElo "2546"]
[BlackElo "2401"]
[WhiteTeam "Kennemer Combinatie"]
[BlackTeam "LSG IntelliMagic"]
[WhiteFideId "1046730"]
[BlackFideId "1000470"]
[EventDate "2023.09.16"]
[EventType "team-tourn"]

1. d4 Nf6 2. c4 e6 3. Nf3 c5 4. d5 d6 5. Nc3 exd5 6. cxd5 g6 7. Nd2 Bg7 8. e4
O-O 9. Be2 Nbd7 10. O-O Re8 11. h3 a6 12. a4 b6 13. Re1 Rb8 14. Qc2 Qc7 15. Rb1
c4 16. Bxc4 b5 17. Bd3 b4 18. Ne2 Qxc2 19. Bxc2 Nc5 20. b3 Nfxe4 21. Nxe4 Nxe4
22. Ng3 Nf6 23. Bf4 Rd8 24. Ne4 Nxd5 25. Bxd6 Ra8 26. Bh2 Nc3 27. Nxc3 Bxc3 28.
Bc7 Bxe1 29. Bxd8 Be6 30. Ba5 Bc3 31. Rd1 Rc8 32. Rd8+ Rxd8 33. Bxd8 Kf8 34. Kf1
Ke8 35. Bb6 Kd7 36. Ke2 h5 37. h4 Kc6 38. Bd8 Bd4 39. f3 Bc5 40. Bf6 Bb6 41. Bd1
Kd5 42. Kd2 Bd4 43. Be7 Bc3+ 44. Ke3 Bd4+ 45. Kf4 Bc3 46. Ke3 Bd4+ 47. Ke2 Bc3
48. Bc2 1/2-1/2

[Event "Dutch League 2023-24"]
[Site "Netherlands NED"]
[Date "2023.09.16"]
[Round "1.4"]
[White "Van Haastert, Edwin"]
[Black "Godzwon, Iwo"]
[Result "1/2-1/2"]
[WhiteTitle "IM"]
[BlackTitle "FM"]
[WhiteElo "2426"]
[BlackElo "2402"]
[WhiteTeam "LSG IntelliMagic"]
[BlackTeam "Kennemer Combinatie"]
[WhiteFideId "1003992"]
[BlackFideId "21802483"]
[EventDate "2023.09.16"]
[EventType "team-tourn"]

1. e4 c5 2. Nf3 e6 3. d4 cxd4 4. Nxd4 Nc6 5. Nc3 a6 6. Nxc6 bxc6 7. Bd3 d5 8.
O-O Nf6 9. Qf3 Be7 10. Qg3 O-O 11. Bh6 Ne8 12. Bd2 a5 13. b3 Ba6 14. Rfd1 Bh4
15. Qf4 Bf6 16. Rac1 e5 17. Qf3 Nc7 18. Bxa6 Rxa6 19. Be1 1/2-1/2

[Event "Dutch League 2023-24"]
[Site "Netherlands NED"]
[Date "2023.09.16"]
[Round "1.5"]
[White "Bellahcene, Bilel"]
[Black "Pijpers, Arthur"]
[Result "1/2-1/2"]
[WhiteTitle "GM"]
[BlackTitle "IM"]
[WhiteElo "2519"]
[BlackElo "2466"]
[WhiteTeam "Kennemer Combinatie"]
[BlackTeam "LSG IntelliMagic"]
[WhiteFideId "696358"]
[BlackFideId "1019554"]
[EventDate "2023.09.16"]
[EventType "team-tourn"]

1. e4 c5 2. Nf3 d6 3. d4 cxd4 4. Nxd4 Nf6 5. Nc3 Nc6 6. h4 g6 7. Be2 h5 8. Nxc6
bxc6 9. e5 dxe5 10. Qxd8+ Kxd8 11. Be3 Kc7 12. O-O-O Bf5 13. Rhe1 e6 14. Na4 Nd5
15. Bd2 Bb4 16. Bf3 Rad8 17. Rxe5 Bxd2+ 18. Rxd2 Nb4 19. Ra5 Rxd2 20. Kxd2 Rd8+
21. Kc3 Nxa2+ 22. Kc4 Rd2 23. Rxa7+ Kd6 24. c3 Nc1 25. Nc5 Bd3+ 26. Kd4 Bf5+ 27.
Kc4 Bd3+ 28. Kd4 Bf5+ 1/2-1/2

[Event "Dutch League 2023-24"]
[Site "Netherlands NED"]
[Date "2023.09.16"]
[Round "1.6"]
[White "Jens, Jelmer"]
[Black "Pham, Khoi"]
[Result "1/2-1/2"]
[WhiteTitle "IM"]
[BlackTitle "FM"]
[WhiteElo "2358"]
[BlackElo "2396"]
[WhiteTeam "LSG IntelliMagic"]
[BlackTeam "Kennemer Combinatie"]
[WhiteFideId "1007394"]
[BlackFideId "1054988"]
[EventDate "2023.09.16"]
[EventType "team-tourn"]

1. e4 e5 2. Bc4 Nf6 3. d3 Nc6 4. Nf3 Bc5 5. O-O a6 6. a4 d6 7. c3 Ba7 8. Re1 O-O
9. h3 h6 10. Nbd2 Re8 11. Nf1 Be6 12. Bxe6 Rxe6 13. b4 d5 14. Qc2 Qd6 15. Rb1
Rd8 16. b5 Ne7 17. Be3 Bxe3 18. Nxe3 Ng6 19. exd5 Nxd5 20. Nc4 Qe7 21. d4 1/2-1/2

[Event "Dutch League 2023-24"]
[Site "Netherlands NED"]
[Date "2023.09.16"]
[Round "1.7"]
[White "Nijboer, Friso"]
[Black "Vogt, Andreas"]
[Result "1/2-1/2"]
[WhiteTitle "GM"]
[BlackTitle "FM"]
[WhiteElo "2473"]
[BlackElo "2291"]
[WhiteTeam "Kennemer Combinatie"]
[BlackTeam "LSG IntelliMagic"]
[WhiteFideId "1000063"]
[BlackFideId "4629434"]
[EventDate "2023.09.16"]
[EventType "team-tourn"]

1. e4 e6 2. d4 d5 3. Nc3 Bb4 4. e5 c5 5. a3 Ba5 6. Qg4 Ne7 7. dxc5 Bxc3+ 8. bxc3
O-O 9. Bd3 Nd7 10. Nf3 Nf5 11. Bxf5 exf5 12. Qb4 Nxe5 13. Nxe5 Re8 14. O-O Rxe5
15. Be3 Re4 16. Bd4 a5 17. Qb5 Qe8 18. Qxe8+ Rxe8 19. Rab1 Ra6 20. Be3 Rae6 21.
g3 Re4 22. Rfd1 Rc4 23. Bd4 f6 24. Kf1 f4 25. f3 fxg3 26. hxg3 h5 27. Kf2 Kf7
28. Rh1 Kg6 29. Rh4 Re7 30. Rbh1 Ra4 31. Rxh5 Rxa3 32. g4 Ra2 33. Kg3 Rxc2 34.
f4 Rd2 35. f5+ 1/2-1/2

[Event "Dutch League 2023-24"]
[Site "Netherlands NED"]
[Date "2023.09.16"]
[Round "1.8"]
[White "Bosman, Michiel"]
[Black "Elgersma, Onno"]
[Result "1/2-1/2"]
[WhiteTitle "IM"]
[BlackTitle "FM"]
[WhiteElo "2341"]
[BlackElo "2352"]
[WhiteTeam "LSG IntelliMagic"]
[BlackTeam "Kennemer Combinatie"]
[WhiteFideId "1000721"]
[BlackFideId "1053531"]
[EventDate "2023.09.16"]
[EventType "team-tourn"]

1. d4 Nf6 2. c4 e6 3. g3 d5 4. Bg2 Bb4+ 5. Bd2 a5 6. Nf3 O-O 7. Qc2 c5 8. cxd5
cxd4 9. Nxd4 Qb6 10. Bxb4 axb4 11. e3 exd5 12. Nd2 Qa6 13. N2b3 Bg4 14. h3 Bh5
15. a4 Bg6 16. Qc7 Nbd7 17. Bf1 Bd3 18. Nb5 Rac8 19. Qf4 Bxf1 20. Rxf1 Ne4 21.
N3d4 Ndc5 22. Ke2 Ne6 23. Qe5 Nxd4+ 24. Qxd4 Rc2+ 25. Kf3 Nd2+ 26. Kg2 Nxf1 27.
Kxf1 Qe6 28. Kg2 Qf5 29. Rf1 Rc4 30. Nd6 Rxd4 31. Nxf5 Rd2 32. b3 g6 33. Nd4 Rc8
34. g4 Rb2 35. Rd1 Kg7 36. Kg3 h6 37. h4 Rc3 38. g5 hxg5 39. hxg5 Rc8 40. Rd3
Rc1 41. Nf3 Rf1 42. Rxd5 Rfxf2 43. Nd4 Kf8 44. Rb5 Ke7 45. Rxb7+ Kd6 46. Rb5 f5
47. gxf6 Rxf6 48. Rb6+ Ke7 49. Rb7+ Kd6 50. Rb6+ Ke5 1/2-1/2

[Event "Dutch League 2023-24"]
[Site "Netherlands NED"]
[Date "2023.09.16"]
[Round "1.9"]
[White "Pardo Simon, David"]
[Black "Willemze, Thomas"]
[Result "1-0"]
[WhiteTitle "IM"]
[BlackTitle "IM"]
[WhiteElo "2448"]
[BlackElo "2317"]
[WhiteTeam "Kennemer Combinatie"]
[BlackTeam "LSG IntelliMagic"]
[WhiteFideId "2296276"]
[BlackFideId "1007238"]
[EventDate "2023.09.16"]
[EventType "team-tourn"]

1. d4 d5 2. Bf4 c5 3. e3 cxd4 4. exd4 Nc6 5. c3 g6 6. Nd2 Bh6 7. Bxh6 Nxh6 8.
Ngf3 O-O 9. Be2 Kg7 10. O-O Bg4 11. Re1 f6 12. h3 Bxf3 13. Nxf3 Qb6 14. Qb3 Qxb3
15. axb3 a6 16. b4 Nf5 17. Nd2 e5 18. dxe5 Nxe5 19. Nb3 d4 20. g4 d3 21. gxf5
dxe2 22. Rxe2 Nf3+ 23. Kh1 Rae8 24. Rxe8 Rxe8 25. fxg6 Kxg6 26. Kg2 Ne1+ 27. Kf1
Nd3 28. Nc5 Nf4 29. Nxb7 Re2 30. Rb1 Rc2 31. Nc5 Kf5 32. Nb3 Ne6 33. Ke1 Ke4 34.
Na1 Kd5 1-0

[Event "Dutch League 2023-24"]
[Site "Netherlands NED"]
[Date "2023.09.16"]
[Round "1.1"]
[White "Van de Griendt, Jan Willem"]
[Black "Reinderman, Dimitri"]
[Result "0-1"]
[WhiteTitle "IM"]
[BlackTitle "GM"]
[WhiteElo "2372"]
[BlackElo "2573"]
[WhiteTeam "Paul Keres"]
[BlackTeam "De Waagtoren"]
[WhiteFideId "1002112"]
[BlackFideId "1001302"]
[EventDate "2023.09.16"]
[EventType "team-tourn"]

1. d4 e6 2. c4 b6 3. Nc3 Bb4 4. Qb3 c5 5. Nf3 Nc6 6. d5 Na5 7. Qc2 Qf6 8. Bg5
Bxc3+ 9. Kd1 Qg6 10. Qxc3 f6 11. Bf4 exd5 12. cxd5 Ne7 13. Qe3 Nc4 14. Qb3 Qe4
15. e3 Na5 16. Qd3 Qxd5 17. Qxd5 Nxd5 18. Bd6 Bb7 19. Nd2 Ne7 20. h4 Nf5 21. Bf4
d5 22. Bd3 Ne7 23. h5 Kf7 24. h6 g6 25. f3 Nac6 26. g4 Rhd8 27. g5 fxg5 28. Bxg5
c4 29. Bb1 b5 30. Ke2 d4 31. exd4 Nxd4+ 32. Kf2 Ne6 33. Be3 Nf5 34. a4 Nxe3 35.
Kxe3 a6 36. axb5 axb5 37. Rxa8 Bxa8 38. Bc2 Nd4 39. Be4 Nf5+ 40. Bxf5 gxf5 41.
Ra1 f4+ 42. Ke2 Bc6 43. Rc1 Rd6 44. b3 Re6+ 45. Kf2 Rxh6 46. Rc3 Rd6 47. Ke2 b4 0-1

[Event "Dutch League 2023-24"]
[Site "Netherlands NED"]
[Date "2023.09.16"]
[Round "1.2"]
[White "De Rover, Yong Hoon"]
[Black "Kerigan, Demre"]
[Result "0-1"]
[WhiteTitle "IM"]
[BlackTitle "IM"]
[WhiteElo "2317"]
[BlackElo "2362"]
[WhiteTeam "De Waagtoren"]
[BlackTeam "Paul Keres"]
[WhiteFideId "1010298"]
[BlackFideId "6307841"]
[EventDate "2023.09.16"]
[EventType "team-tourn"]

1. d4 g6 2. e4 d6 3. Nc3 Nf6 4. Be3 c6 5. h3 Bg7 6. f4 O-O 7. Qd2 b5 8. Bd3 e5
9. Nf3 exd4 10. Bxd4 b4 11. Na4 c5 12. Bxf6 Qxf6 13. e5 Qe7 14. Be4 Bb7 15. Bxb7
Qxb7 16. O-O-O Qb5 17. b3 dxe5 18. Nxe5 Nc6 19. Qd3 a6 20. Rhe1 Nxe5 21. fxe5
Rfe8 22. Qd5 c4 23. Nb2 cxb3 24. axb3 Rac8 25. Nc4 Rc5 26. Qe4 Bxe5 27. Kb1 Re6
28. Qa8+ Re8 29. Rd8 Rxd8 30. Qxd8+ Kg7 31. Qe7 Bf6 32. Qe8 Qxe8 33. Rxe8 Rf5
34. Kc1 Bc3 35. Ne3 Rf2 0-1

[Event "Dutch League 2023-24"]
[Site "Netherlands NED"]
[Date "2023.09.16"]
[Round "1.3"]
[White "Ten Hertog, Hugo"]
[Black "Van Tellingen, Frank"]
[Result "1-0"]
[WhiteTitle "GM"]
[BlackTitle "FM"]
[WhiteElo "2519"]
[BlackElo "2275"]
[WhiteTeam "Paul Keres"]
[BlackTeam "De Waagtoren"]
[WhiteFideId "1026356"]
[BlackFideId "1011421"]
[EventDate "2023.09.16"]
[EventType "team-tourn"]

1. c4 c5 2. Nc3 Nc6 3. g3 g6 4. Bg2 Bg7 5. d3 d6 6. a3 Rb8 7. e3 e5 8. Rb1 a5 9.
Nd5 Nge7 10. Nxe7 Nxe7 11. b4 O-O 12. bxc5 dxc5 13. Ne2 Bf5 14. e4 Be6 15. Be3
Qd6 16. Nc3 Rfd8 17. O-O Qxd3 18. Nd5 Qxd1 19. Nxe7+ Kf8 20. Nxg6+ fxg6 21.
Rfxd1 Rxd1+ 22. Rxd1 Kf7 23. Bf1 Bf8 24. f4 Bg4 25. Rb1 b6 26. fxe5 Be7 27. Kf2
g5 28. Bd2 Ke6 29. h3 Rf8+ 30. Kg1 Bf3 31. Rxb6+ Kxe5 32. Bc3+ Kxe4 33. Re6+ 1-0

[Event "Dutch League 2023-24"]
[Site "Netherlands NED"]
[Date "2023.09.16"]
[Round "1.4"]
[White "De Ruiter, Danny"]
[Black "Wemmers, Xander"]
[Result "1-0"]
[WhiteTitle "FM"]
[BlackTitle "IM"]
[WhiteElo "2251"]
[BlackElo "2350"]
[WhiteTeam "De Waagtoren"]
[BlackTeam "Paul Keres"]
[WhiteFideId "1020650"]
[BlackFideId "1004182"]
[EventDate "2023.09.16"]
[EventType "team-tourn"]

1. d4 Nf6 2. c4 e6 3. Nf3 b6 4. g3 Ba6 5. b3 Bb4+ 6. Bd2 Be7 7. Bg2 d5 8. O-O
O-O 9. Ne5 Bb7 10. Nc3 c5 11. dxc5 bxc5 12. Rc1 Na6 13. cxd5 exd5 14. Bg5 Re8
15. Qd2 h6 16. Bxf6 Bxf6 17. Ng4 Bxc3 18. Rxc3 Qc8 19. Bh3 Qc6 20. Rf3 Qg6 21.
Rf4 Re4 22. Nf6+ gxf6 23. Bf5 Qg5 24. Bxe4 dxe4 25. Rd1 Nb4 26. Qd7 Bc6 27. Qh3
Kf8 28. Rf5 Qg6 29. Rd6 e3 30. Rdxf6 exf2+ 31. Kxf2 Qg7 32. Rxf7+ Qxf7 33. Qxh6+
Kg8 34. Rxf7 Kxf7 35. a3 1-0